000 00333nam a22001337a 4500
008 180919b xxu||||| |||| 00| 0 eng d
020 _a9780826123442
041 _aeng
080 _a159.9
100 _a48
101 _aPSI
245 _aPsychological aspects of functioning, disability and health
_cPeterson,D.B
942 _2udc
_cBK
999 _c48045
_d48045